000 00315nam a22001217a 4500
008 160613b xxu||||| |||| 00| 0 eng d
020 _a9780763726034
020 _a0763726036
041 _aeng
080 _a618.2
245 _aRole development in professional nursing practice:
_cMatbleen Masters;
942 _2udc
_cBK
999 _c2464
_d2464